[Event "DEM U10 2021"]
[Site "Willingen GER"]
[Date "2021.08.23"]
[Round "1"]
[White "Sajka, Noah"]
[Black "Böhler, Yannic"]
[Result "1-0"]
[Termination "normal"]
[Board "21"]
[WhiteElo "1402"]
[BlackElo "1150"]
[WhiteClock "00:49:00"]
[BlackClock "00:29:15"]
[PlyCount "133"]
[WhiteFideId "34608192"]
[BlackFideId "34609059"]
[EventCountry "GER"]
[EventRounds "11"]
[EventType "swiss"]
[EventDate "2021.08.22"]

1. e4 {[%clk 01:15:58]} {[%emt 00:00:01]} c5 {[%clk 01:15:59]} {[%emt
00:00:01]} 2. Ne2 {[%clk 01:16:23]} {[%emt 00:00:05]} Nc6 {[%clk 01:16:20]}
{[%emt 00:00:10]} 3. g3 {[%clk 01:16:45]} {[%emt 00:00:08]} Nf6 {[%clk
01:16:36]} {[%emt 00:00:13]} 4. Bg2 {[%clk 01:16:43]} {[%emt 00:00:32]} b6
{[%clk 01:16:34]} {[%emt 00:00:33]} 5. O-O {[%clk 01:15:15]} {[%emt 00:01:57]}
Bb7 {[%clk 01:16:13]} {[%emt 00:00:51]} 6. c3 {[%clk 01:14:04]} {[%emt
00:01:42]} d5 {[%clk 01:14:55]} {[%emt 00:01:48]} 7. exd5 {[%clk 01:12:43]}
{[%emt 00:01:50]} Nxd5 {[%clk 01:14:55]} {[%emt 00:00:31]} 8. d4 {[%clk
01:11:10]} {[%emt 00:02:02]} cxd4 {[%clk 01:13:27]} {[%emt 00:01:58]} 9. Nxd4
{[%clk 01:11:01]} {[%emt 00:00:39]} e6 {[%clk 01:11:15]} {[%emt 00:02:42]} 10.
Re1 {[%clk 00:53:58]} {[%emt 00:17:33]} Be7 {[%clk 01:05:29]} {[%emt 00:06:16]}
11. a3 {[%clk 00:51:23]} {[%emt 00:03:06]} O-O {[%clk 01:04:59]} {[%emt
00:01:00]} 12. c4 {[%clk 00:50:29]} {[%emt 00:01:25]} Bc5 {[%clk 01:00:35]}
{[%emt 00:04:53]} 13. Nxc6 {[%clk 00:50:27]} {[%emt 00:00:32]} Qf6 {[%clk
00:54:27]} {[%emt 00:06:38]} 14. Qf3 {[%clk 00:49:09]} {[%emt 00:01:48]} Qxf3
{[%clk 00:50:30]} {[%emt 00:04:26]} 15. Bxf3 {[%clk 00:48:28]} {[%emt
00:01:11]} Bxc6 {[%clk 00:47:10]} {[%emt 00:03:50]} 16. cxd5 {[%clk 00:48:22]}
{[%emt 00:00:36]} Bxd5 {[%clk 00:46:39]} {[%emt 00:01:01]} 17. Bxd5 {[%clk
00:48:42]} {[%emt 00:00:11]} exd5 {[%clk 00:46:32]} {[%emt 00:00:37]} 18. b4
{[%clk 00:47:42]} {[%emt 00:01:29]} Bd4 {[%clk 00:45:47]} {[%emt 00:01:15]} 19.
Ra2 {[%clk 00:47:59]} {[%emt 00:00:14]} Bf6 {[%clk 00:45:21]} {[%emt 00:00:55]}
20. Rd2 {[%clk 00:47:55]} {[%emt 00:00:33]} Rfd8 {[%clk 00:45:24]} {[%emt
00:00:29]} 21. Red1 {[%clk 00:48:03]} {[%emt 00:00:22]} Rac8 {[%clk 00:44:20]}
{[%emt 00:01:33]} 22. Bb2 {[%clk 00:47:35]} {[%emt 00:00:57]} d4 {[%clk
00:43:20]} {[%emt 00:01:32]} 23. Bxd4 {[%clk 00:47:24]} {[%emt 00:00:41]} Bxd4
{[%clk 00:43:35]} {[%emt 00:00:14]} 24. Rxd4 {[%clk 00:47:40]} {[%emt
00:00:14]} Rxd4 {[%clk 00:41:56]} {[%emt 00:02:09]} 25. Rxd4 {[%clk 00:47:34]}
{[%emt 00:00:36]} f5 {[%clk 00:41:47]} {[%emt 00:00:39]} 26. Nd2 {[%clk
00:47:48]} {[%emt 00:00:17]} g5 {[%clk 00:40:11]} {[%emt 00:02:06]} 27. Nc4
{[%clk 00:47:36]} {[%emt 00:00:42]} b5 {[%clk 00:40:09]} {[%emt 00:00:32]} 28.
Nd6 {[%clk 00:47:33]} {[%emt 00:00:32]} Rc1+ {[%clk 00:40:22]} {[%emt
00:00:17]} 29. Kg2 {[%clk 00:47:55]} {[%emt 00:00:08]} a6 {[%clk 00:40:45]}
{[%emt 00:00:07]} 30. Nxf5 {[%clk 00:48:16]} {[%emt 00:00:09]} Rc3 {[%clk
00:41:05]} {[%emt 00:00:10]} 31. Rg4 {[%clk 00:47:43]} {[%emt 00:01:03]} Rxa3
{[%clk 00:41:05]} {[%emt 00:00:31]} 32. Rxg5+ {[%clk 00:48:05]} {[%emt
00:00:08]} Kf7 {[%clk 00:41:27]} {[%emt 00:00:07]} 33. Ne3 {[%clk 00:48:16]}
{[%emt 00:00:19]} Rb3 {[%clk 00:40:50]} {[%emt 00:01:08]} 34. Rg4 {[%clk
00:48:12]} {[%emt 00:00:34]} Ra3 {[%clk 00:39:44]} {[%emt 00:01:35]} 35. Kf3
{[%clk 00:47:41]} {[%emt 00:01:01]} a5 {[%clk 00:39:56]} {[%emt 00:00:19]} 36.
bxa5 {[%clk 00:47:59]} {[%emt 00:00:12]} Rxa5 {[%clk 00:40:13]} {[%emt
00:00:12]} 37. Rb4 {[%clk 00:48:15]} {[%emt 00:00:14]} Ke6 {[%clk 00:39:57]}
{[%emt 00:00:46]} 38. Nc2 {[%clk 00:47:25]} {[%emt 00:01:20]} Kd5 {[%clk
00:39:57]} {[%emt 00:00:30]} 39. Ke3 {[%clk 00:47:27]} {[%emt 00:00:27]} Kc5
{[%clk 00:39:59]} {[%emt 00:00:29]} 40. Kd3 {[%clk 00:47:30]} {[%emt 00:00:26]}
Ra6 {[%clk 00:39:02]} {[%emt 00:01:29]} 41. Kc3 {[%clk 00:47:23]} {[%emt
00:00:36]} Rf6 {[%clk 00:38:21]} {[%emt 00:01:11]} 42. Ne1 {[%clk 00:46:03]}
{[%emt 00:01:49]} Kb6 {[%clk 00:36:22]} {[%emt 00:02:31]} 43. Nd3 {[%clk
00:44:59]} {[%emt 00:01:34]} Rf3 {[%clk 00:36:09]} {[%emt 00:00:43]} 44. Rf4
{[%clk 00:45:13]} {[%emt 00:00:15]} Rxf4 {[%clk 00:35:12]} {[%emt 00:01:28]}
45. Nxf4 {[%clk 00:45:38]} {[%emt 00:00:04]} Kc5 {[%clk 00:35:34]} {[%emt
00:00:08]} 46. Nd3+ {[%clk 00:45:59]} {[%emt 00:00:09]} Kd5 {[%clk 00:35:27]}
{[%emt 00:00:37]} 47. f3 {[%clk 00:46:13]} {[%emt 00:00:17]} Kc6 {[%clk
00:34:56]} {[%emt 00:01:01]} 48. Kd4 {[%clk 00:46:29]} {[%emt 00:00:14]} Kd6
{[%clk 00:34:47]} {[%emt 00:00:39]} 49. f4 {[%clk 00:46:25]} {[%emt 00:00:34]}
h5 {[%clk 00:34:51]} {[%emt 00:00:25]} 50. h3 {[%clk 00:46:39]} {[%emt
00:00:17]} Ke6 {[%clk 00:34:45]} {[%emt 00:00:36]} 51. g4 {[%clk 00:47:01]}
{[%emt 00:00:08]} Kf6 {[%clk 00:31:13]} {[%emt 00:04:01]} 52. Kc5 {[%clk
00:46:26]} {[%emt 00:01:05]} Kg6 {[%clk 00:29:39]} {[%emt 00:01:40]} 53. Kxb5
{[%clk 00:46:22]} {[%emt 00:00:58]} hxg4 {[%clk 00:29:23]} {[%emt 00:00:46]}
54. hxg4 {[%clk 00:46:16]} {[%emt 00:00:36]} Kf6 {[%clk 00:28:17]} {[%emt
00:01:37]} 55. Kc5 {[%clk 00:46:26]} {[%emt 00:00:20]} Kg6 {[%clk 00:28:38]}
{[%emt 00:00:08]} 56. Ne5+ {[%clk 00:46:48]} {[%emt 00:00:08]} Kf6 {[%clk
00:29:01]} {[%emt 00:00:08]} 57. Kd6 {[%clk 00:47:06]} {[%emt 00:00:11]} Kg7
{[%clk 00:29:19]} {[%emt 00:00:12]} 58. g5 {[%clk 00:47:27]} {[%emt 00:00:08]}
Kh7 {[%clk 00:29:41]} {[%emt 00:00:09]} 59. f5 {[%clk 00:47:41]} {[%emt
00:00:16]} Kg7 {[%clk 00:29:54]} {[%emt 00:00:17]} 60. Nd3 {[%clk 00:48:03]}
{[%emt 00:00:08]} Kf7 {[%clk 00:30:06]} {[%emt 00:00:18]} 61. Nf4 {[%clk
00:47:49]} {[%emt 00:00:44]} Kg7 {[%clk 00:29:22]} {[%emt 00:01:15]} 62. f6+
{[%clk 00:48:03]} {[%emt 00:00:15]} Kf7 {[%clk 00:29:24]} {[%emt 00:00:28]} 63.
Kd7 {[%clk 00:48:05]} {[%emt 00:00:29]} Kg8 {[%clk 00:29:21]} {[%emt 00:00:31]}
64. Ke7 {[%clk 00:48:15]} {[%emt 00:00:22]} Kh8 {[%clk 00:29:21]} {[%emt
00:00:30]} 65. g6 {[%clk 00:48:35]} {[%emt 00:00:09]} Kg8 {[%clk 00:29:21]}
{[%emt 00:00:30]} 66. f7+ {[%clk 00:49:00]} {[%emt 00:00:05]} Kg7 {[%clk
00:29:15]} {[%emt 00:00:36]} 67. f8=Q {[%emt 00:00:12]} 1-0

[Event "DEM U10 2021"]
[Site "Willingen GER"]
[Date "2021.08.23"]
[Round "1"]
[White "Burban, Bogdan"]
[Black "Pflugbeil, Julian"]
[Result "1/2-1/2"]
[Termination "normal"]
[Board "22"]
[WhiteElo "1062"]
[BlackElo "1368"]
[WhiteClock "00:39:22"]
[BlackClock "01:08:22"]
[PlyCount "110"]
[WhiteFideId "34609040"]
[BlackFideId "34608850"]
[EventCountry "GER"]
[EventRounds "11"]
[EventType "swiss"]
[EventDate "2021.08.22"]

1. d4 {[%clk 01:15:58]} {[%emt 00:00:02]} Nf6 {[%clk 01:15:41]} {[%emt
00:00:33]} 2. c4 {[%clk 01:16:20]} {[%emt 00:00:07]} c5 {[%clk 01:15:57]}
{[%emt 00:00:14]} 3. d5 {[%clk 01:15:41]} {[%emt 00:01:09]} d6 {[%clk
01:16:17]} {[%emt 00:00:11]} 4. Nc3 {[%clk 01:15:13]} {[%emt 00:00:57]} g6
{[%clk 01:16:36]} {[%emt 00:00:10]} 5. Nf3 {[%clk 01:14:28]} {[%emt 00:01:16]}
Bg7 {[%clk 01:16:55]} {[%emt 00:00:11]} 6. Bf4 {[%clk 01:14:01]} {[%emt
00:00:57]} O-O {[%clk 01:17:13]} {[%emt 00:00:12]} 7. e3 {[%clk 01:13:40]}
{[%emt 00:00:51]} Qb6 {[%clk 01:17:24]} {[%emt 00:00:19]} 8. Na4 {[%clk
01:12:57]} {[%emt 00:01:12]} Qb4+ {[%clk 01:17:46]} {[%emt 00:00:07]} 9. Nd2
{[%clk 01:11:41]} {[%emt 00:01:48]} Bd7 {[%clk 01:17:33]} {[%emt 00:00:43]} 10.
b3 {[%clk 01:11:30]} {[%emt 00:00:40]} Bxa4 {[%clk 01:17:39]} {[%emt 00:00:25]}
11. bxa4 {[%clk 01:11:39]} {[%emt 00:00:21]} Qa5 {[%clk 01:15:39]} {[%emt
00:02:30]} 12. Be2 {[%clk 01:10:36]} {[%emt 00:01:32]} Ne4 {[%clk 01:15:56]}
{[%emt 00:00:13]} 13. Rc1 {[%clk 01:08:52]} {[%emt 00:02:15]} Bb2 {[%clk
01:15:48]} {[%emt 00:00:38]} 14. Rc2 {[%clk 01:08:22]} {[%emt 00:00:59]} Bc3
{[%clk 01:16:04]} {[%emt 00:00:14]} 15. f3 {[%clk 01:04:54]} {[%emt 00:04:00]}
Nxd2 {[%clk 01:16:05]} {[%emt 00:00:29]} 16. Rxd2 {[%clk 01:04:26]} {[%emt
00:00:57]} Bxd2+ {[%clk 01:16:16]} {[%emt 00:00:19]} 17. Qxd2 {[%clk 01:04:01]}
{[%emt 00:00:54]} Qxd2+ {[%clk 01:16:30]} {[%emt 00:00:14]} 18. Kxd2 {[%clk
01:04:20]} {[%emt 00:00:13]} Nd7 {[%clk 01:16:50]} {[%emt 00:00:10]} 19. Rb1
{[%clk 01:03:36]} {[%emt 00:01:14]} Nb6 {[%clk 01:16:58]} {[%emt 00:00:21]} 20.
a5 {[%clk 01:03:13]} {[%emt 00:00:55]} Na4 {[%clk 01:17:01]} {[%emt 00:00:27]}
21. Bd1 {[%clk 01:02:23]} {[%emt 00:01:20]} Nb6 {[%clk 01:17:22]} {[%emt
00:00:09]} 22. axb6 {[%clk 01:02:24]} {[%emt 00:00:28]} axb6 {[%clk 01:17:50]}
23. a4 {[%clk 01:01:17]} {[%emt 00:01:39]} Ra6 {[%clk 01:17:44]} 24. Ke2 {[%clk
01:00:15]} {[%emt 00:02:06]} Rd8 {[%clk 01:16:35]} 25. e4 {[%clk 00:58:53]}
{[%emt 00:03:34]} e6 {[%clk 01:16:30]} 26. h4 {[%clk 00:57:28]} {[%emt
00:02:29]} exd5 {[%clk 01:16:08]} 27. exd5 {[%clk 00:57:32]} {[%emt 00:01:18]}
f5 {[%clk 01:14:12]} 28. g4 {[%clk 00:57:00]} {[%emt 00:03:28]} fxg4 {[%clk
01:13:21]} 29. fxg4 {[%clk 00:57:11]} {[%emt 00:01:33]} Re8+ {[%clk 01:13:48]}
30. Kf3 {[%clk 00:57:24]} {[%emt 00:00:27]} Re1 {[%clk 01:13:22]} 31. Ra1
{[%clk 00:57:04]} {[%emt 00:01:47]} Ra8 {[%emt 00:01:45]} 32. Bg3 {[%clk
00:52:02]} {[%emt 00:04:36]} Rf8+ {[%clk 01:12:55]} {[%emt 00:00:38]} 33. Kg2
{[%clk 00:51:49]} {[%emt 00:00:42]} Re4 {[%clk 01:12:50]} {[%emt 00:00:35]} 34.
Bxd6 {[%clk 00:49:58]} {[%emt 00:02:21]} Rxc4 {[%clk 01:12:50]} {[%emt
00:00:31]} 35. Bxf8 {[%clk 00:50:13]} {[%emt 00:00:15]} Kxf8 {[%clk 01:13:13]}
{[%emt 00:00:07]} 36. Kf3 {[%clk 00:49:26]} {[%emt 00:01:16]} Rd4 {[%clk
01:13:25]} {[%emt 00:00:19]} 37. Kg3 {[%clk 00:47:32]} {[%emt 00:02:23]} Rxd5
{[%clk 01:13:43]} {[%emt 00:00:12]} 38. Bf3 {[%clk 00:46:55]} {[%emt 00:01:07]}
Rd7 {[%clk 01:13:07]} {[%emt 00:01:07]} 39. Rb1 {[%clk 00:46:59]} {[%emt
00:00:25]} c4 {[%clk 01:13:03]} {[%emt 00:00:36]} 40. Rxb6 {[%clk 00:46:17]}
{[%emt 00:01:10]} c3 {[%clk 01:10:49]} {[%emt 00:02:45]} 41. Rb1 {[%clk
00:46:23]} {[%emt 00:00:23]} Ke8 {[%clk 01:10:52]} {[%emt 00:00:27]} 42. Rc1
{[%clk 00:46:07]} {[%emt 00:00:46]} Rc7 {[%clk 01:10:59]} {[%emt 00:00:24]} 43.
Kf2 {[%clk 00:46:15]} {[%emt 00:00:22]} Kd7 {[%clk 01:10:56]} {[%emt 00:00:33]}
44. Ke3 {[%clk 00:46:08]} {[%emt 00:00:37]} h5 {[%clk 01:10:50]} {[%emt
00:00:35]} 45. gxh5 {[%clk 00:46:07]} {[%emt 00:00:30]} gxh5 {[%clk 01:10:43]}
{[%emt 00:00:39]} 46. Bxh5 {[%clk 00:45:35]} {[%emt 00:01:01]} Rc4 {[%clk
01:09:53]} {[%emt 00:01:21]} 47. Bd1 {[%clk 00:44:22]} {[%emt 00:01:43]} Rxh4
{[%clk 01:10:00]} {[%emt 00:00:22]} 48. Rxc3 {[%clk 00:44:35]} {[%emt
00:00:18]} Kd6 {[%clk 01:09:44]} {[%emt 00:00:47]} 49. Kd2 {[%clk 00:41:02]}
{[%emt 00:04:01]} Kd5 {[%clk 01:09:56]} {[%emt 00:00:18]} 50. Rb3 {[%clk
00:39:20]} {[%emt 00:02:12]} Rd4+ {[%clk 01:08:03]} {[%emt 00:02:18]} 51. Rd3
{[%clk 00:39:45]} {[%emt 00:00:10]} b6 {[%clk 01:08:11]} {[%emt 00:00:23]} 52.
Rxd4+ {[%clk 00:39:07]} {[%emt 00:01:07]} Kxd4 {[%clk 01:08:32]} {[%emt
00:00:08]} 53. Kc2 {[%clk 00:39:21]} {[%emt 00:00:17]} Kc4 {[%clk 01:07:58]}
{[%emt 00:01:04]} 54. Kb2 {[%clk 00:39:30]} {[%emt 00:00:20]} Kb4 {[%clk
01:08:23]} {[%emt 00:00:06]} 55. Ka2 {[%clk 00:39:22]} {[%emt 00:00:38]} b5
{[%clk 01:08:22]} {[%emt 00:00:31]} 1/2-1/2

[Event "DEM U10 2021"]
[Site "Willingen GER"]
[Date "2021.08.23"]
[Round "1"]
[White "Deiringer, Julius"]
[Black "Langer, Johann Leander"]
[Result "1/2-1/2"]
[Termination "normal"]
[Board "23"]
[WhiteElo "1274"]
[BlackElo "1047"]
[WhiteClock "00:50:23"]
[BlackClock "01:06:11"]
[PlyCount "68"]
[WhiteFideId "16267010"]
[BlackFideId "34607463"]
[EventCountry "GER"]
[EventRounds "11"]
[EventType "swiss"]
[EventDate "2021.08.22"]

1. e4 {[%clk 01:15:52]} {[%emt 00:00:06]} d5 {[%clk 01:15:46]} {[%emt
00:00:15]} 2. exd5 {[%clk 01:16:14]} {[%emt 00:00:08]} Nf6 {[%clk 01:16:05]}
{[%emt 00:00:12]} 3. Nc3 {[%clk 01:15:19]} {[%emt 00:01:24]} Nxd5 {[%clk
01:16:03]} {[%emt 00:00:18]} 4. Nxd5 {[%clk 01:15:25]} {[%emt 00:00:37]} Qxd5
{[%clk 01:16:24]} {[%emt 00:00:10]} 5. Nf3 {[%clk 01:15:12]} {[%emt 00:00:42]}
Bg4 {[%clk 01:16:40]} {[%emt 00:00:15]} 6. Be2 {[%clk 01:15:20]} {[%emt
00:00:21]} e6 {[%clk 01:16:26]} {[%emt 00:00:41]} 7. d3 {[%clk 01:14:36]}
{[%emt 00:01:18]} Bc5 {[%clk 01:16:15]} {[%emt 00:00:40]} 8. h3 {[%clk
01:13:00]} {[%emt 00:02:06]} Bh5 {[%clk 01:16:26]} {[%emt 00:00:18]} 9. Bf4
{[%clk 01:11:56]} {[%emt 00:01:37]} c6 {[%clk 01:15:59]} {[%emt 00:00:37]} 10.
O-O {[%clk 01:10:27]} {[%emt 00:02:18]} O-O {[%clk 01:16:08]} {[%emt 00:00:18]}
11. Nd2 {[%clk 01:07:58]} {[%emt 00:03:01]} Bxe2 {[%clk 01:15:41]} {[%emt
00:00:58]} 12. Qxe2 {[%clk 01:07:31]} {[%emt 00:00:57]} Re8 {[%clk 01:15:43]}
{[%emt 00:00:26]} 13. Qg4 {[%clk 01:07:04]} {[%emt 00:00:59]} Be7 {[%clk
01:15:06]} {[%emt 00:00:55]} 14. Rfe1 {[%clk 01:03:11]} {[%emt 00:04:34]} Qd8
{[%clk 01:15:00]} {[%emt 00:00:35]} 15. Re3 {[%clk 01:01:56]} {[%emt 00:01:46]}
Bf6 {[%clk 01:14:56]} {[%emt 00:00:33]} 16. Ne4 {[%clk 00:58:27]} {[%emt
00:04:01]} Nd7 {[%clk 01:13:57]} {[%emt 00:01:29]} 17. Nxf6+ {[%clk 00:55:27]}
{[%emt 00:03:30]} Nxf6 {[%clk 01:13:21]} {[%emt 00:01:04]} 18. Qe2 {[%clk
00:54:53]} {[%emt 00:01:06]} Nd5 {[%clk 01:12:35]} {[%emt 00:01:14]} 19. Re4
{[%clk 00:53:55]} {[%emt 00:01:30]} Nxf4 {[%clk 01:12:05]} {[%emt 00:00:37]}
20. Rxf4 {[%clk 00:54:18]} {[%emt 00:00:30]} Qb6 {[%clk 01:11:52]} {[%emt
00:00:41]} 21. c3 {[%clk 00:53:25]} {[%emt 00:01:25]} e5 {[%clk 01:11:11]}
{[%emt 00:00:36]} 22. Re1 {[%clk 00:51:53]} {[%emt 00:02:36]} f6 {[%clk
01:10:19]} {[%emt 00:01:16]} 23. Re4 {[%clk 00:51:51]} {[%emt 00:00:38]} Kf7
{[%clk 01:09:49]} {[%emt 00:00:56]} 24. d4 {[%clk 00:51:31]} {[%emt 00:00:55]}
Qa6 {[%clk 01:08:41]} {[%emt 00:01:31]} 25. Qxa6 {[%clk 00:49:18]} {[%emt
00:02:50]} bxa6 {[%emt 00:00:27]} 26. dxe5 {[%emt 00:00:11]} fxe5 {[%clk
01:06:55]} {[%emt 00:01:22]} 27. Rxe5 {[%clk 00:49:41]} {[%emt 00:00:23]} Rxe5
{[%clk 01:07:02]} {[%emt 00:00:22]} 28. Rxe5 {[%clk 00:50:05]} {[%emt
00:00:06]} Rd8 {[%clk 01:07:11]} {[%emt 00:00:17]} 29. Kf1 {[%clk 00:49:45]}
{[%emt 00:00:54]} Rd2 {[%clk 01:07:01]} {[%emt 00:00:40]} 30. Re2 {[%clk
00:49:59]} {[%emt 00:00:17]} Rd1+ {[%emt 00:00:32]} 31. Re1 {[%emt 00:00:05]}
Rd2 {[%emt 00:00:24]} 32. Rb1 {[%emt 00:00:05]} Ke6 {[%clk 01:06:05]} {[%emt
00:00:19]} 33. Ke1 {[%clk 00:50:00]} {[%emt 00:00:30]} Rc2 {[%clk 01:06:03]}
{[%emt 00:00:31]} 34. Kd1 {[%clk 00:50:23]} {[%emt 00:00:07]} Rxf2 {[%clk
01:06:11]} {[%emt 00:00:23]} 1/2-1/2

[Event "DEM U10 2021"]
[Site "Willingen GER"]
[Date "2021.08.23"]
[Round "1"]
[White "Grebita, Magnus"]
[Black "Gulamzada, Elmir"]
[Result "1/2-1/2"]
[Termination "normal"]
[Board "24"]
[WhiteElo "977"]
[BlackElo "1342"]
[WhiteClock "00:53:20"]
[BlackClock "00:10:08"]
[PlyCount "77"]
[WhiteFideId "34608958"]
[BlackFideId "34604332"]
[EventCountry "GER"]
[EventRounds "11"]
[EventType "swiss"]
[EventDate "2021.08.22"]

1. e4 {[%clk 01:15:54]} {[%emt 00:00:04]} c5 {[%clk 01:15:25]} {[%emt
00:00:37]} 2. Nc3 {[%clk 01:15:50]} {[%emt 00:00:33]} Nc6 {[%clk 01:14:51]}
{[%emt 00:01:04]} 3. g3 {[%clk 01:15:01]} {[%emt 00:01:17]} g6 {[%clk
01:12:46]} {[%emt 00:02:37]} 4. Bg2 {[%clk 01:13:27]} {[%emt 00:02:02]} Bg7
{[%clk 01:12:13]} {[%emt 00:01:05]} 5. d3 {[%clk 01:12:34]} {[%emt 00:01:24]}
Nf6 {[%clk 01:09:19]} {[%emt 00:03:24]} 6. Be3 {[%clk 01:10:29]} {[%emt
00:02:33]} d6 {[%clk 01:08:31]} {[%emt 00:01:20]} 7. Qd2 {[%clk 01:09:29]}
{[%emt 00:01:16]} Ng4 {[%clk 01:06:25]} {[%emt 00:02:49]} 8. h3 {[%clk
01:07:40]} {[%emt 00:02:10]} Nxe3 {[%clk 01:04:59]} {[%emt 00:02:05]} 9. fxe3
{[%clk 01:05:55]} {[%emt 00:02:11]} Bd7 {[%clk 01:02:13]} {[%emt 00:03:19]} 10.
Nf3 {[%clk 01:04:00]} {[%emt 00:02:03]} Ne5 {[%clk 00:51:13]} {[%emt 00:11:53]}
11. a3 {[%clk 00:59:47]} {[%emt 00:04:42]} Nxf3+ {[%clk 00:50:03]} {[%emt
00:01:41]} 12. Bxf3 {[%clk 00:59:06]} {[%emt 00:01:10]} O-O {[%clk 00:43:31]}
{[%emt 00:07:02]} 13. d4 {[%clk 00:58:11]} {[%emt 00:01:25]} cxd4 {[%clk
00:43:05]} {[%emt 00:00:57]} 14. exd4 {[%clk 00:58:22]} {[%emt 00:00:20]} e6
{[%clk 00:38:59]} {[%emt 00:04:35]} 15. O-O-O {[%clk 00:58:21]} {[%emt
00:00:31]} Qf6 {[%clk 00:32:02]} {[%emt 00:07:22]} 16. Rhf1 {[%clk 00:56:49]}
{[%emt 00:02:06]} Qd8 {[%clk 00:30:03]} {[%emt 00:02:26]} 17. d5 {[%clk
00:54:33]} {[%emt 00:02:50]} e5 {[%clk 00:28:04]} {[%emt 00:02:29]} 18. h4
{[%clk 00:53:59]} {[%emt 00:01:05]} f5 {[%clk 00:26:08]} {[%emt 00:02:26]} 19.
Kb1 {[%clk 00:53:42]} {[%emt 00:00:47]} Rc8 {[%clk 00:25:23]} {[%emt 00:01:16]}
20. Bg2 {[%clk 00:53:32]} {[%emt 00:00:39]} fxe4 {[%clk 00:23:03]} {[%emt
00:02:50]} 21. Bxe4 {[%clk 00:53:25]} {[%emt 00:00:37]} Bf5 {[%clk 00:21:57]}
{[%emt 00:01:36]} 22. Bxf5 {[%clk 00:53:28]} {[%emt 00:00:27]} gxf5 {[%clk
00:21:36]} {[%emt 00:00:51]} 23. Rf2 {[%clk 00:51:56]} {[%emt 00:02:02]} e4
{[%clk 00:20:37]} {[%emt 00:01:30]} 24. Ne2 {[%clk 00:51:26]} {[%emt 00:00:57]}
Qb6 {[%clk 00:20:26]} {[%emt 00:00:43]} 25. Nd4 {[%clk 00:51:02]} {[%emt
00:00:54]} Rfe8 {[%clk 00:17:05]} {[%emt 00:03:51]} 26. Qb4 {[%clk 00:51:00]}
{[%emt 00:00:32]} Qxb4 {[%clk 00:13:43]} {[%emt 00:03:52]} 27. axb4 {[%clk
00:50:33]} {[%emt 00:00:11]} Rc4 {[%clk 00:12:50]} {[%emt 00:02:06]} 28. Nxf5
{[%clk 00:50:24]} {[%emt 00:00:42]} Rxb4 {[%clk 00:09:08]} {[%emt 00:04:11]}
29. Nxg7 {[%clk 00:50:27]} {[%emt 00:00:26]} Kxg7 {[%clk 00:09:31]} {[%emt
00:00:09]} 30. Re2 {[%clk 00:50:16]} {[%emt 00:00:41]} e3 {[%clk 00:09:25]}
{[%emt 00:00:36]} 31. Rde1 {[%clk 00:50:34]} {[%emt 00:00:12]} Rbe4 {[%clk
00:09:01]} {[%emt 00:00:54]} 32. c3 {[%clk 00:50:56]} {[%emt 00:00:08]} Kg6
{[%clk 00:09:13]} {[%emt 00:00:19]} 33. Kc2 {[%clk 00:51:16]} {[%emt 00:00:10]}
Kh5 {[%clk 00:09:18]} {[%emt 00:00:24]} 34. Kd3 {[%clk 00:51:40]} {[%emt
00:00:06]} Kg4 {[%clk 00:09:37]} {[%emt 00:00:12]} 35. Rxe3 {[%clk 00:51:59]}
{[%emt 00:00:10]} Rxe3+ {[%clk 00:09:56]} {[%emt 00:00:11]} 36. Rxe3 {[%clk
00:52:23]} {[%emt 00:00:06]} Rxe3+ {[%clk 00:10:21]} {[%emt 00:00:05]} 37. Kxe3
{[%clk 00:52:44]} {[%emt 00:00:09]} Kxg3 {[%clk 00:10:12]} {[%emt 00:00:39]}
38. Ke4 {[%clk 00:53:02]} {[%emt 00:00:13]} Kg4 {[%clk 00:10:08]} {[%emt
00:00:34]} 39. c4 {[%clk 00:53:20]} {[%emt 00:00:11]} 1/2-1/2